ბათუმის შოთა რუსთაველის სახელმწიფო უნივერსიტეტის ბიბლიოთეკა

The Economist, August 31st-september 6th 2013 (ბიბ.ჩანაწერი № 41134)

000 -LEADER
fixed length control field 00354nam a2200157Ia 4500
001 - CONTROL NUMBER
control field 7784
003 - CONTROL NUMBER IDENTIFIER
control field GE_BSU
008 - FIXED-LENGTH DATA ELEMENTS--GENERAL INFORMATION
fixed length control field 181216s||||||||xx |||||||||||||| ||und||
040 ## - CATALOGING SOURCE
Transcribing agency GE_BSU
245 #4 - TITLE STATEMENT
Title The Economist, August 31st-september 6th 2013
245 ## - TITLE STATEMENT
Remainder of title Number 8851
260 ## - PUBLICATION, DISTRIBUTION, ETC.
Date of publication, distribution, etc. 2013
300 ## - PHYSICAL DESCRIPTION
Extent 82pg;27sm.
653 ## - INDEX TERM--UNCONTROLLED
Uncontrolled term The Economist
942 ## - ADDED ENTRY ELEMENTS (KOHA)
Koha item type პერიოდიკა
ეგზემპლარები
Withdrawn status Lost status Damaged status Not for loan Date acquired Barcode Date last seen Price effective from Koha item type
        2018-12-17 p75814 2018-12-17 2018-12-17 პერიოდიკა